logo

Bir Sreshtho Munshi Abdur Rouf Library
Jhenaidah Cadet College

The predicament of democratic man / (Record no. 9289)

MARC details
000 -LEADER
fixed length control field 00811pam a2200265 i 4500
001 - CONTROL NUMBER
JCCL Control Number 9289
003 - CONTROL NUMBER IDENTIFIER
JCCL marc code BD-JhCC
005 - DATE AND TIME OF LATEST TRANSACTION
control field 20180312172514.0
008 - FIXED-LENGTH DATA ELEMENTS--GENERAL INFORMATION
fixed length control field 780613r1978 ctu b 000 0 eng
020 ## - INTERNATIONAL STANDARD BOOK NUMBER
International Standard Book Number 0313205973
035 ## - SYSTEM CONTROL NUMBER
system control number (BD-JhCC)9289
040 ## - CATALOGING SOURCE
Original cataloging agency DLC
Transcribing agency DLC
Modifying agency DLC
-- BD-JhCC
041 ## - LANGUAGE CODE
Language code of Book eng
050 10 - LIBRARY OF CONGRESS CALL NUMBER
Classification number JC423
Item number .C23 1978
082 00 - DEWEY DECIMAL CLASSIFICATION NUMBER
Classification number 321.8
Author mark and Year CAH 1978
100 1# - MAIN ENTRY--PERSONAL NAME
Personal name Cahn, Edmond Nathaniel,
Dates associated with a name 1906-1964.
245 14 - TITLE STATEMENT
Title The predicament of democratic man /
Statement of responsibility, etc Edmond Cahn.
260 ## - PUBLICATION, DISTRIBUTION, ETC. (IMPRINT)
Place of publication, distribution, etc Westport, Conn. :
Name of publisher, distributor, etc Greenwood Press,
Date of publication, distribution, etc 1978, c1961.
300 ## - PHYSICAL DESCRIPTION
Pagination 215 p. ;
Dimensions 23 cm.
500 ## - GENERAL NOTE
General note Reprint of the ed. published by Vakils, Feffer, and Simons, Bombay, in series: Perspective series.
504 ## - BIBLIOGRAPHY, ETC. NOTE
Bibliography, etc Includes bibliographical references.
650 #0 - SUBJECT ADDED ENTRY--TOPICAL TERM
Topical term or geographic name as entry element Democracy.
942 ## - ADDED ENTRY ELEMENTS (KOHA)
Source of classification or shelving scheme Dewey Decimal Classification
Koha item type Books
Holdings
Source of classification or shelving scheme Damaged status Not for loan Home library Current library Shelving location Total Checkouts Full call number Barcode Date last seen Copy number Koha item type
Dewey Decimal Classification     JCC Rouf Library JCC Rouf Library General Stacks   321.8 CAH 1978 12237 03/12/2018 C - 1 Books

JCC Library | Contacts | JCC Home

Last Update on 23 September 2017
Copyright @ 2017-2020 JCC Rouf Library
Rouf Library, Jhenidah Cadet College (JCC), Bangladesh